Normal view
MARC view
- Islamic art
Entry Topical Term
001 - CONTROL NUMBER
- control field: 89407
003 - CONTROL NUMBER IDENTIFIER
- control field: NUST
005 - DATE AND TIME OF LATEST TRANSACTION
- control field: 20220223114949.0
008 - FIXED-LENGTH DATA ELEMENTS
- fixed length control field: 220223|| aca||aabn | a|a d
040 ## - CATALOGING SOURCE
- Original cataloging agency: NUST
- Transcribing agency: NUST
150 ## - HEADING--TOPICAL TERM
- Topical term or geographic name entry element: Islamic art
670 ## - SOURCE DATA FOUND
- Source citation: Work cat.: (NUST)586440: Bloom, Jonathan 32576, Islamic Art: , 2019.
